Catálogo

Decennium : (Registro nro. 5518)

Detalles MARC
000 -LEADER
fixed length control field 01292cam a2200301 i 4500
001 - CONTROL NUMBER
control field 5518
003 - CONTROL NUMBER IDENTIFIER
control field Mx-PuUPA
005 - DATE AND TIME OF LATEST TRANSACTION
control field 20221117094141.0
008 - FIXED-LENGTH DATA ELEMENTS--GENERAL INFORMATION
fixed length control field 140415s1986 sp a gr 000 0 spa d
020 ## - INTERNATIONAL STANDARD BOOK NUMBER
International Standard Book Number 8401602408
Qualifying information obra completa
040 ## - CATALOGING SOURCE
Original cataloging agency Mx-PuUPA
Language of cataloging spa
Transcribing agency Mx-PuUPA
Modifying agency Mx-PuUPA
Description conventions rda
041 1# - LANGUAGE CODE
Language code of text/sound track or separate title spa
Language code of original ger
-- dut
245 00 - TITLE STATEMENT
Title Decennium :
Remainder of title nuestro siglo, texto, imágenes y sonidos /
Statement of responsibility, etc. director general, Félix Hereza Villanueva ; director editorial, Guillem Burrel i Floría
264 #1 - PRODUCTION, PUBLICATION, DISTRIBUTION, MANUFACTURE, AND COPYRIGHT NOTICE
Place of production, publication, distribution, manufacture Barcelona :
Name of producer, publisher, distributor, manufacturer Plaza & Jamés, Editores,
Date of production, publication, distribution, manufacture, or copyright notice 1986
300 ## - PHYSICAL DESCRIPTION
Extent 5 tomos (paginación varía) :
Other physical details ilustraciones, mapas ;
Dimensions 29 cm.
336 ## - CONTENT TYPE
Fuente rdacontent
Content type term texto
Content type code txt
337 ## - MEDIA TYPE
Source rdamedia
Media type term sin medio
Media type code n
338 ## - CARRIER TYPE
Source rdacarrier
Carrier type term volumen
Carrier type code nc
505 ## - FORMATTED CONTENTS NOTE
Miscellaneous information v.1.
Title Años 40. --
Miscellaneous information v.2.
Title Años 50. --
Miscellaneous information v.3.
Title Años 60. --
Miscellaneous information v.4.
Title Años 70. --
Miscellaneous information v.5.
Title Años 80.
650 #7 - SUBJECT ADDED ENTRY--TOPICAL TERM
Topical term or geographic name entry element Historia moderna
Chronological subdivision Siglo XX
Source of heading or term armarc
650 #7 - SUBJECT ADDED ENTRY--TOPICAL TERM
Topical term or geographic name entry element Historia
Chronological subdivision Siglo XX
General subdivision Cronología
Source of heading or term armarc
700 1# - ADDED ENTRY--PERSONAL NAME
Personal name Hereza Villanueva, Félix,
Relator term director
9 (RLIN) 12329
700 1# - ADDED ENTRY--PERSONAL NAME
Personal name Burrel i Floría, Guillem,
Relator term director
9 (RLIN) 12531
942 ## - ADDED ENTRY ELEMENTS (KOHA)
Source of classification or shelving scheme Dewey Decimal Classification
Koha item type Libro
Classification part 909.82
Item part D295
Existencias
Withdrawn status Lost status Source of classification or shelving scheme Damaged status Not for loan Collection code Home library Current library Shelving location Date acquired Source of acquisition Serial Enumeration / chronology Total Checkouts Full call number Barcode Date last seen Price effective from Koha item type
    Dewey Decimal Classification     Referencia Biblioteca Karol Wojtyla Biblioteca Karol Wojtyla Área de silencio 03/12/2013 Compra v.2   909.82 D295 1986 17420 05/01/2026 03/12/2013 Libro R
    Dewey Decimal Classification     Referencia Biblioteca Karol Wojtyla Biblioteca Karol Wojtyla Área de silencio 03/12/2013 Compra v.3   909.82 D295 1986 17421 05/01/2026 03/12/2013 Libro R
    Dewey Decimal Classification     Referencia Biblioteca Karol Wojtyla Biblioteca Karol Wojtyla Área de silencio 03/12/2013 Compra v.1   909.82 D295 1986 17419 05/01/2026 03/12/2013 Libro R
    Dewey Decimal Classification     Referencia Biblioteca Karol Wojtyla Biblioteca Karol Wojtyla Área de silencio 03/12/2013 Compra v.4   909.82 D295 1986 17422 05/01/2026 03/12/2013 Libro R
    Dewey Decimal Classification     Referencia Biblioteca Karol Wojtyla Biblioteca Karol Wojtyla Área de silencio 03/12/2013 Compra v.5   909.82 D295 1986 17423 05/01/2026 03/12/2013 Libro R